| 000 | 00582cam a2200193 4500 | ||
|---|---|---|---|
| 001 | 26716 | ||
| 005 | 20230410102134.0 | ||
| 008 | 060907n2005 dr spa | ||
| 020 | _a9993442402 | ||
| 035 | _9funglode26918 | ||
| 041 | 0 | _aspa | |
| 050 | 1 | 4 |
_a118 PQ 7408 _bC965 2005 |
| 245 | 0 | 3 |
_aEl cuento contemporáneo de Santiago : _b(1980-2005) / _cselección y prólogo de Máximo Vega. |
| 260 |
_aSanto Domingo : _bDirección General de la Feria del Libro, _c2005. |
||
| 300 | _a91 p. | ||
| 440 |
_aEdiciones Ferilibro ; _v75 |
||
| 700 | _aVega, Máximo. | ||
| 942 |
_2lcc _cbk |
||
| 999 |
_c19808 _d19808 |
||